00891nam a22002417a 4500999001700000005001700017008004100034010001500075020002700090035001300117037001300130082001300143100002000156245009300176250002300269260004500292270008400337300003500421500001900456700002100475942002700496952012600523 c36110d3611020230406140851.0160802b xxu||||| |||| 00| 0 eng d aENG-115623 a9789351436812c2495.00 aEN-99155 bDBAD/PUB a345.5405 aRatanLal917276 aRatanlal & Dhirajlal’s the Code of Criminal Procedure /cby Ratanlal [and] Dhirajlal a20th rev.& enl. ed aGurgaonbLexis Nexis Butterworths c2010 a14th Floor, Buiding No.10, Tower- B, DLF Cyber City, Phase-11,bGurgaone122002 acdIxiii,2491p, c24cm (Hb) aIncludes index aDhirajLal917278 2ddccENmRATh345.5405 00102ddc40708REFaLbLd2016-08-02eDBAD/PUBg2495.00l0o345.5405 RATpEN-99155r2016-08-02 00:00:00t1v2495.00yEN